Rǧimen jurd̕ico de las presunciones

Detalles Bibliográficos
Autor principal: Martn̕ez de Morentin Llamas, Mara̕ Lourdes
Formato: Desconocido
Lenguaje:español
Publicado: Madrid : Dykinson, 2007
Materias:
Acceso en línea:Acceso restringido

MARC

LEADER 00000ny a22000003n 4500
005 20110620133517.0
006 m u
007 cr cn|||||||||
008 200807r20072008sp |||||s|||||||||||spa d
020 |a 9788498490282 
035 |a 2216 
040 |a FlNmELB  |c FlNmELB  |d vlex 
050 1 4 |a KJA147  |b M386 2007eb 
080 |a 34 
090 |c 1369  |d 1369 
100 1 |a Martn̕ez de Morentin Llamas, Mara̕ Lourdes 
245 1 0 |a Rǧimen jurd̕ico de las presunciones  |h [Recurso electrn̤ico]  |c Mara̕ Lourdes Martn̕ez de Morentin Llamas 
256 |a Servicio en ln̕ea 
260 |a Madrid :  |b Dykinson,  |c 2007 
300 |a [9]-203 p 
506 1 |a Contenido solo disponible en los productos indicados  |d vLex Global  |d vLex Global (Academic Edition, excluding Law Schools)  |d vLex Global (U.S. Academic Edition, Law Schools)  |d vLex Global (U.S. Academic Edition, excluding Law Schools)  |d vLex Global (Academic Edition, Law Schools) 
650 0 7 |2 Tesauro vLex  |a Prueba 
650 0 7 |2 Tesauro vLex  |a Procesal 
650 0 7 |2 Tesauro vLex  |a Medios de prueba 
650 0 7 |2 Tesauro vLex  |a Presunciones 
740 0 |a vLex Libros (Servicios en ln̕ea) 
856 4 0 |z Acceso restringido  |u http://vlex.com/source/2216 
942 |c BOOK